header

Content and consciousness (Record no. 28874)

MARC details
000 -LEADER
fixed length control field 01275nam a2200325Ia 4500
100 1# - MAIN ENTRY--AUTHOR NAME
Personal name Dennett, Daniel Clement.
245 10 - TITLE STATEMENT
Title Content and consciousness
260 ## - PUBLICATION, DISTRIBUTION, ETC. (IMPRINT)
Place of publication London ;
-- New York :
Name of publisher Routledge,
Year of publication 1999.
300 ## - PHYSICAL DESCRIPTION
Number of Pages xvi, 198 p. :
Other physical details ill.
490 1# - SERIES STATEMENT
Series statement International library of philosophy
500 ## - GENERAL NOTE
General note Originally published: Routledge and K. Paul, 1969.
650 #0 - SUBJECT ADDED ENTRY--TOPICAL TERM
Topical Term Consciousness.
Topical Term Mind and body.
856 40 - ELECTRONIC LOCATION AND ACCESS
Uniform Resource Identifier http://site.ebrary.com/lib/rucke/Doc?id=10017056

No items available.

© 2026 Rongo University
Contact us: librarian | system librarian | Rongo university